00533nam a2200181Ia 450000500170000000800410001702000150005808200130007324500370008626000580012330000130018165000130019465000110020770000200021894200060023895200940024499900130033820240724031742.0240331s9999 xx 000 0 und d a0700701761 a291bSOU 0aSouth Asian religion and soceity aLondonbScandinavian Institute of Asian Studiesc1986 a262 p ., aReligion aSocial aParpola, Heedt cL 001040708LaWERCLbWERCLcSSCd2024-03-31l0o 291 SOUp638r2024-03-31w2024-03-31yL c850d850